000 02097cam a22004934i 4500
003 PE-LiUPU
005 20250731173341.0
008 150706s2006 ag rb 000 0 spa d
020 _a9507590870
035 _a(Sirsi) i9789507590870
040 _aPE-LiUPU
_bspa
_cPE-LiUPU
_erda
049 _aPRUA
082 0 4 _a220.07
_bS67
_221
100 1 _aSomoza, Ana R.,
_eautor.
245 1 0 _aAprendiendo a enseñar la Biblia /
_cAna R. Somoza.
250 _aCuarta edición.
264 1 _aBuenos Aires :
_bPublicaciones Alianza,
_c2006.
300 _a273 páginas ;
_c20 centímetros
336 _atext
_2rdacontent
337 _aunmediated
_2rdamedia
338 _avolume
_2rdacarrier
500 _a"Herramientas útiles para la formación de maestros de educación cristiana que impactan la vida con las Escrituras" -- en cubierta.
504 _aIncluye bibliografía.
505 0 _aPara qué enseñamos la Biblia? -- ¿Están cambiando nuestros alumnos? -- ¿Vamos por el camino apropiado? -- ¿Hay equilibrio en nuestra enseñanza? -- ¡Atrévase a formular objetivos! -- ¡Aprendamos juntos! -- ¡Esto sí me interesa! -- ¡Vayamos a la fuente! -- ¡Cuéntame una historia! -- ¡Lo descubrimos nosotros! -- ¡A vivir la Biblia! -- ¡Esto es para mí!.
526 _aSEG42
526 _aSEG41
526 _aSEG40
526 _aSEG39
526 _aP94
526 _aP87
526 _aP86
526 _aP85
526 _aP77
526 _aP76
526 _aP35
541 _g001-0020922;
630 0 4 _aBiblia
_xEnseñanza.
910 _agl
_bjv
_cng
_d20090910
942 _2ddc
_cBOOK
949 _a220.07 S67
_wDEWEY
_c1
_i60297
_d2015-10-15
_e2015-10-7
_lCCODEBUL1
_mBUL
_n3
_p11.00
_r0
_sY
_tBOOK
_u2015-7-6
_xTEOLOGIA
_zUNKNOWN
_0COMPRA
_o.STAFF. Colección Teología
994 _aC0
_bPEPRU
596 _a1
999 _a220.07 S67
_wDEWEY
_c49756
_i60297
_d49756
_e2018-11-7
_f2021-11-9
_g5
_lCCODEBUL1
_mBUL
_n5
_p11.00
_q5
_r0
_sY
_tBOOK
_u2015-7-6
_xTEOLOGIA
_PP35
_0COMPRA
_o.STAFF. Colección Teología
980 _81
_gALBERTO SANCHEZ Responsable de Automatización